Top 10 Biggest Cities in the US - Sudden Death - Statistics

General Stats
  • This quiz has been taken 266 times
  • The average score is 4 of 10
Answers on the Grid
Answers color-coded by a green-red scale on the quiz's grid according to % correct below.
New York City
San Jose
Chicago
New Orleans
Columbus
Austin
Houston
Phoenix
Charlotte
Indianapolis
Dallas
Miami
Washington DC
San Diego
Seattle
San Francisco
San Antonio
Boston
Denver
Philadelphia
Atlanta
Milwaukee
Jacksonville
Baltimore
Los Angeles
 
Answer Stats
Answer % Correct
New York City
94%
Chicago
60%
Los Angeles
57%
Houston
41%
Dallas
34%
Philadelphia
31%
Phoenix
31%
San Antonio
17%
San Diego
13%
Jacksonville
8%
No matching quizzes found
Score Distribution
Percent of People with Each Score
Percentile by Number Answered
Your Score History
You have not taken this quiz